000 02249cam a22004817a 4500
003 CHAP
005 20220329134153.0
008 971013s1977 r 00010 d
010 _a16489
011 _a17461
035 _a21544
040 _cCHAP
082 _a632
_bH6
100 0 0 _aHorsfall, James Gordon
_eed.
_956281
245 1 0 _aPlant disease :
_ban advanced treatise
_c/ed. by James G. Horsfall and Ellis B. Cowling
260 _aNew York :
_bAcademic Press,
_c1977.
300 _a5 v. :
_bilus. ; gráfs.
500 _aLa biblioteca tiene : v.1 How disease is managed -- v.2 How discose development in populations -- v.3 How plants suffer from disease -- v.4 How pathogens induce disease -- v.5 How plants defend themselves
590 _aBATCH-UPD
_b10
_c20130110
_lUCH01
_h0225
590 _aBATCH-UPD
_b10
_c20130110
_lUCH01
_h1842
590 _aBATCH-UPD
_b10
_c20130410
_lUCH01
_h1213
590 _aBATCH-UPD
_b10
_c20130914
_lUCH01
_h1040
590 _aCONVERSION
_b10
_c20130109
_lUCH01
_h1310
650 1 4 _aControl de plagas.
_927595
650 1 4 _aFitopatología.
_941161
700 0 _aCowling, Ellis B.
_928732
901 _aBK
942 _cLIBRO
949 _a632 H6
_bBC
_cLIBRO
_d-50151
_eLIBRO
_fv.1 c.2
_h46206
_i21544
_si
949 _a632 H6
_bBC
_cLIBRO
_d-50153
_eLIBRO
_fv.2 c.2
_i21544
_si
949 _a632 H6
_bBC
_cLIBRO
_d-50154
_eLIBRO
_fv.2 c.3
_i21544
_si
949 _a632 H6
_bBC
_cLIBRO
_d33724000175261
_eLIBRO
_fv.2
_i21544
_si
949 _a632 H6
_bBC
_cLIBRO
_d33724000175279
_eLIBRO
_fv.4 c.2
_i21544
_si
949 _a632 H6
_bBC
_cLIBRO
_d33724000175287
_eLIBRO
_fv.3
_h54425
_i21544
_si
949 _a632 H6
_bBC
_cLIBRO
_d33724000175295
_eLIBRO
_fv.4
_h56357
_i21544
_si
949 _a632 H6
_bBC
_cLIBRO
_d33724000175303
_eLIBRO
_fv.5
_h50362
_i21544
_si
949 _a632 H6
_bBC
_cLIBRO
_d33724000724886
_eLIBRO
_fv.5 c.2
_h95526
_i21544
_si
949 _a632 H6
_bBC
_cLIBRO
_d33724000725040
_eLIBRO
_fv.4 C.3
_h95525
_i21544
_st
949 _a632 H6
_bBC
_cLIBRO
_d33724000725057
_eLIBRO
_fv.3 C.2
_h95524
_i21544
_st
949 _a632 H6
_bBC
_cLIBRO
_d33724000725065
_eLIBRO
_fv.2 c.4
_h95523
_i21544
_st
949 _a632 H6
_bBC
_cLIBRO
_d33724000725073
_eLIBRO
_fv.1 c.3
_h95522
_i21544
_st
949 _a632 H6
_bBC
_cLIBRO
_d33724000928065
_eLIBRO
_fv.1
_h46206
_i21544
_si
999 _c16489
_d16489